[Event "Muensterland Verbandsliga 1718"]
[Site "Germany"]
[Date "2018.02.10"]
[Round "6.7"]
[White "Winzenhoerlein, Thomas"]
[Black "Scharlow, Siegmar"]
[Result "1/2-1/2"]
[WhiteElo "1740"]
[BlackElo "1691"]
[PlyCount "31"]
[EventDate "2017.09.09"]
[EventType "team-tourn"]
[EventRounds "9"]
[EventCountry "GER"]
[SourceTitle "EXT 2019"]
[Source "ChessBase"]
[SourceDate "2018.10.10"]
[SourceVersion "1"]
[SourceVersionDate "2018.10.10"]
[SourceQuality "1"]
[WhiteTeam "Heiden"]
[BlackTeam "Nienberge II"]
[WhiteTeamCountry "GER"]
[BlackTeamCountry "GER"]

1. f4 d5 2. Nf3 c5 3. e3 Nc6 4. Bb5 Bd7 5. b3 a6 6. Bxc6 Bxc6 7. Ne5 Qc7 8. 0-0 g6 9. Nxc6 Qxc6 10. Bb2 Nf6 11. d3 Bg7 12. Nd2 0-0 13. Nf3 Nd7 14. Bxg7 Kxg7 15. Qe2 Rfe8 16. f5 1/2-1/2